000 00264nam a2200121Ia 4500
008 190216s9999||||xx |||||||||||||| ||und||
100 _aTrivedi H
245 0 _aHindi-Mahapurushan Ki Smaran
260 _bRajkamal
300 _a80
650 _aHindi
942 _cBK
999 _c15554
_d15554